Maximálna odolnosť v pretlačení lokálne podopretých dosiek
Guardado en:
| Autor principal: | |
|---|---|
| Otros Autores: | |
| Formato: | Manuscrito Libro |
| Lenguaje: | eslovaco |
| Publicado: |
2025
|
| Materias: | |
| Acceso en línea: | http://is.stuba.sk/zp/portal_zp.pl?podrobnosti=171916 |
| Etiquetas: |
Sin Etiquetas, Sea el primero en etiquetar este registro!
|
MARC
| LEADER | 00000ntm a22000003a 4500 | ||
|---|---|---|---|
| 001 | stuzp86817 | ||
| 003 | SK-STU | ||
| 005 | 20250830210418.0 | ||
| 007 | ta | ||
| 008 | 150427s2015----xo-----f-mn---000-0-slo-d | ||
| 040 | |a STU |b slo | ||
| 041 | 0 | |a slo | |
| 100 | 1 | |a Gregušová, Natália |u 010110 |4 aut |U SvF Stavebná fakulta |T SvF Katedra betónových konštrukcií a mostov |X 87345 |U V110 |Y 11 |7 87345 | |
| 242 | 0 | 1 | |a The maximum punching capacity of flat slabs |y eng |
| 245 | 1 | 0 | |a Maximálna odolnosť v pretlačení lokálne podopretých dosiek |
| 260 | |c 2025 | ||
| 650 | 4 | |a lokálne podopretá doska |2 slo | |
| 650 | 4 | |a šmyková výstuž |2 slo | |
| 650 | 4 | |a maximálna odolnosť v pretlačení |2 slo | |
| 650 | 4 | |a flat slab |2 eng | |
| 650 | 4 | |a transverse reinforcement |2 eng | |
| 650 | 4 | |a maximum punching capacity |2 eng | |
| 700 | 1 | |a Halvonik, Jaroslav |u 010110 |k Z1 |4 ths |U SvF Stavebná fakulta |T SvF Katedra betónových konštrukcií a mostov |X 2749 |U V110 |Y 11 |7 A000002749 | |
| 856 | 4 | |u http://is.stuba.sk/zp/portal_zp.pl?podrobnosti=171916 | |